Las antiguas civilizaciones del nuevo mundo
Сохранить в:
| Главный автор: | |
|---|---|
| Формат: | |
| Язык: | испанский |
| Опубликовано: |
Barcelona
Crítica
2000
|
| Серии: | Crítica Arqueología
|
| Предметы: | |
| Метки: |
Добавить метку
Нет меток, Требуется 1-ая метка записи!
|
MARC
| LEADER | 00000nam a2200000 a 4500 | ||
|---|---|---|---|
| 001 | UCL7090 | ||
| 003 | CL-VaPUC | ||
| 008 | 040430e20000000SP |||||||||||||||||spa|d | ||
| 020 | |a 8484321053 | ||
| 082 | 0 | 4 | |a 980.012 |b ADA |2 21 |
| 100 | 0 | |a Adams, Richard E. W |e author |9 484857 | |
| 245 | 1 | 4 | |a Las antiguas civilizaciones del nuevo mundo |
| 300 | |a 165 p | ||
| 942 | |c BK | ||
| 945 | |d 20040430 00:00:00 |a cmena | ||
| 260 | |a Barcelona |b Crítica |c 2000 | ||
| 650 | 0 | |a Civilizaciones antiguas |9 265998 | |
| 650 | 7 | |a PREHISTORIA DE AMERICA |2 CL-VaPUC |9 484858 | |
| 650 | 0 | |a Arqueología |9 265619 | |
| 650 | 0 | |a Desarrollo cultural |9 267526 | |
| 651 | 0 | |a América |9 255182 | |
| 583 | |a last modification |c 20040430 00:00:00 |k Rodrigo Vera | ||
| 490 | 0 | |a Crítica Arqueología | |
| 999 | |c 308951 |d 308949 | ||
| 952 | |0 0 |1 0 |4 0 |6 980_012000000000000_ADA_2000 |7 0 |8 A |9 375955 |a BIBHIS |b BIBHIS |d 2019-11-21 |i 4010922 |o 980.012 ADA 2000 |p 4010922 |r 2025-01-20 |w 2019-11-21 |y BK |k HIS | ||